Grupos de tres - Estadísticas

Estadísticas generales
  • Esta prueba ha sido intentada 7.122 veces
  • La puntuación promedio es 30 de 60
Estadísticas de respuestas
Grupo Respuesta % Correcto
Disciplinas del triatlón Natación
92%
Disciplinas del triatlón Ciclismo
90%
Disciplinas del triatlón Carrera a pie
88%
Protagonistas de "Harry Potter" Harry Potter
88%
Ciudades más pobladas de Países Bajos Ámsterdam
84%
Barcos de Cristóbal Colón Pinta
83%
Las 3R de la ecología Reciclar
83%
Barcos de Cristóbal Colón Niña
81%
Barcos de Cristóbal Colón Santa María
81%
Las 3R de la ecología Reutilizar
79%
Las ardillas cantantes Alvin
78%
Protagonistas de "Harry Potter" Hermione Granger
78%
Películas de "Ocho apellidos" Ocho apellidos {vascos}
78%
Películas de "Ocho apellidos" Ocho apellidos {catalanes}
77%
Los regalos de los Reyes Magos Oro
77%
Lácteos de la torta de tres leches {Crema} de leche
76%
Capitales europeas con inicial R Roma
74%
Protagonistas de "Harry Potter" Ron Weasley
73%
Los regalos de los Reyes Magos Mirra
71%
Los regalos de los Reyes Magos Incienso
65%
Animales no mamíferos del horóscopo chino Dragón
61%
Personas de la Santísima Trinidad Espíritu Santo
61%
Capitales europeas con inicial R Riga
60%
Personas de la Santísima Trinidad Hijo
59%
Películas de "Ocho apellidos" Ocho apellidos {marroquís}
59%
Personas de la Santísima Trinidad Padre
59%
Capitales europeas con inicial R Reikiavik
55%
Las culturas de Toledo Cristiana
48%
Las culturas de Toledo Musulmana
47%
Lácteos de la torta de tres leches Leche {condensada}
46%
Las culturas de Toledo Judía
45%
Animales no mamíferos del horóscopo chino Serpiente
45%
Las 3R de la ecología Reducir
43%
Dirigentes de los "tres grandes" de los Aliados Winston Churchill
43%
Tres hermanas (cultivos) mexicanas Frijol
42%
Las ardillas cantantes Teodoro
40%
Ciudades más pobladas de Países Bajos Róterdam
39%
Las ardillas cantantes Simón
36%
Los Tres Tenores Luciano Pavarotti
34%
Ciudades más pobladas de Países Bajos La Haya
32%
El triángulo amoroso de Betty, la fea Betty
31%
Dirigentes de los tres grandes de los Aliados Iósif Stalin
31%
Partes de la Divina comedia Infierno
30%
Los Tres Tenores Plácido Domingo
29%
Dirigentes de los tres grandes de los Aliados Franklin D. Roosevelt
27%
Conceptos del esquema de Freud Yo
26%
Los tres mosqueteros Aramis
25%
Tres hermanas (cultivos) mexicanas Maíz
25%
Los tres mosqueteros Porthos
25%
Conceptos del esquema de Freud Superyó
23%
Los tres mosqueteros Athos
22%
Partes de la Divina comedia Purgatorio
22%
Animales no mamíferos del horóscopo chino Gallo
21%
Los Tres Tenores José Carreras
18%
Lácteos de la torta de tres leches Leche {evaporada}
18%
Partes de la Divina comedia Paraíso
18%
Conceptos del esquema de Freud Ello
16%
El triángulo amoroso de Betty, la fea Armando
12%
El triángulo amoroso de Betty, la fea Marcela
7%
Tres hermanas (cultivos) mexicanas Calabaza
5%
No se encontraron pruebas coincidentes
Distribución de puntuación
Porcentaje de gente con cada puntuación
Porcentaje por número respondido
Historial de tus puntuaciones
No has intentado esta prueba.